000 00406nam a22001697a 4500
003 OSt
008 230411b |||||||| |||| 00| 0 eng d
020 _a9781350328419
082 _a327 HEG
100 _aHEYWOOD, Andrew and WHITHAM, Ben
245 _aGlobal Politics
250 _a3rd ed.
260 _aLondon
_bBloomsbury
_c2023
300 _a698 p.
650 _aPolitical Science
942 _2ddc
_cREF
999 _c11956
_d11956